000 00889nas a2200265 4500
001 BR2014000719
003 BR-BrBNA
005 20231205123641.0
007 ta
008 230509b bl.|||p| |||| 00| 00por d
040 _aBR-BrBNA
_bpor
_cBiblioteca Nacional de Agricultura
041 _a(Pt)
072 _aP34
100 1 _aLupatini, M.
100 1 _aMello, A.H. de
100 1 _aAntoniolli, Z.I.
245 1 _aCaracterização do DNA ribossônico do isolado de scleroderma UFSMSc1 de Eucalyptus grandis W. Hill Ex-Maiden
650 _aEUCALIPTO
650 _aBIOLOGIA DO SOLO
650 _aFUNGO
773 0 _tRevista Brasileira de Ciência do Solo (Brazil)
_xISSN 0100-0683
_g(Oct-Dec 2008), v. 32(special number) p. 2677-2682
_wBR2014000719
856 4 0 _uhttp://www.scielo.br/pdf/rbcs/v32nspe/10.pdf
909 _a202311
_bLúcia
_c55
_dLúcia Elande
942 _2AGRIS
_n0
_cANA
999 _c234990
_d234990